LEADER 00786nam0 2200229 450 001 000020925 005 20081223140826.0 100 $a20081223d1965----km-y0itay50------ba 101 0 $aeng 102 $aGB 105 $ay-------001yy 200 1 $a<>world economy at the crossroads$ea survey of current problems of money, trade and economic development$fby Harry G. Johnson 210 $aOxford$cClarendon$d1965 215 $a106 p.$d19 cm 500 10$a<>world economy at the crossroads$947774 610 1 $aRelazioni economiche internazionali 700 1$aJohnson,$bHarry G.$0128860 801 0$aIT$bUNIPARTHENOPE$c20081222$gRICA$2UNIMARC 912 $a000020925 951 $a421/9$b1858$cNAVA2$d2008 996 $aWorld economy at the crossroads$947774 997 $aUNIPARTHENOPE LEADER 00735cam 2200193 i 4500 001 991004323637407536 005 20240520154146.0 008 240520s1974 gw e b 001 0 ger|| 020 $a3920153316 040 $aBibl. Interfacoltà T. Pellegrino$bita 041 $ager 100 1 $aGomaa, Farouk$0657107 245 14$aDie libyschen Furstentumer des Deltas :$bvom Tod Osorkons 2. bis zur Wiedervereinigung Agyptens durch Psametik 1. /$cvon Farouk Gomaà 260 $aWiesbaden :$bL. Reichert,$c1974 300 $a173 p. ;$c24 cm 830 0$aBeihefte zum Tübinger Atlas des Vorderen Orients, Reihe B (Geisteswissenschaften) ;$v6 912 $a991004323637407536 996 $aLibyschen Furstentumer des Deltas$91301759 997 $aUNISALENTO